Documentos de Estudio. Realidad Centroaméricana. Declaraciones de los PDC. con relación a las FF.AA.
Պահպանված է:
| Ձևաչափ: | Տեքստ |
|---|---|
| Հրապարակվել է: |
s.l:
INCEP
|
| Ցուցիչներ: |
Ավելացրեք ցուցիչ
Չկան պիտակներ, Եղեք առաջինը, ով նշում է այս գրառումը!
|
MARC
| LEADER | 00000 a a2200000 04500 | ||
|---|---|---|---|
| 001 | 25311 | ||
| 003 | |||
| 040 | |||
| 090 | |a 150014 | ||
| 245 | |a Documentos de Estudio. Realidad Centroaméricana. Declaraciones de los PDC. con relación a las FF.AA. | ||
| 260 | |a s.l: |b INCEP | ||
| 999 | |c 11693 |d 11693 | ||
